000 00935nam0a22002771 4500
001 rc\2778798
005 20250806205545.0
035 _a(NLR Aleph) 006905050
090 _a68457
_c68457
100 _a20110915d1942 u y0rusy50 ca
101 0 _arus
102 _aRU
105 _aa z |||||
200 1 _aОбучение рукопашному бою
_fК. Т. Булочко, ст. препод. КУКС ФИЗО РККА
205 _a2-е изд.
210 _aМосква
_aЛенинград
_cФизкультура и спорт
_d1942
215 _a64 с.
_cил.
_d14 см.
300 _aНапеч. в Москве
700 1 _aБулочко
_bК.Т.
_gКонстантин Трофимович
801 0 _aRU
_bNLR
_gpsbo
801 1 _aRU
_bELAR
_2rusmarc
852 _aNLR
_jВ60 Г-2/1393
942 _cBOOK
945 _aРоссийская национальная библиотека
980 _aNB
980 _aBV